书目信息 |
| 题名: |
建设工程招投标与合同管理
|
|
| 作者: | 程敏 , 江俊福 主编 | |
| 分册: | ||
| 出版信息: | 哈尔滨 哈尔滨工程大学出版社 2018.08 |
|
| 页数: | 261页 | |
| 开本: | 28cm | |
| 丛书名: | 普通高等学校土木建筑类“十三五”应用型规划教材 | |
| 单 册: | ||
| 中图分类: | TU723 | |
| 科图分类: | ||
| 主题词: | 建筑工程--jian zhu gong cheng--招标--高等学校--教材 , 建筑工程--jian zhu gong cheng--投标--高等学校--教材 , 建筑工程--jian zhu gong cheng--经济合同--管理--高等学校--教材 | |
| 电子资源: | ||
| ISBN: | 978-7-5661-2078-6 | |
| 000 | 01427nam 2200313 450 | |
| 001 | CAL 0120182619545 | |
| 005 | 20181204144937.7 | |
| 010 | @a978-7-5661-2078-6@dCNY49.00 | |
| 100 | @a20181204d2018 em y0chiy50 ea | |
| 101 | 0 | @achi |
| 102 | @aCN@b230000 | |
| 105 | @ak a 000yy | |
| 106 | @ar | |
| 200 | 1 | @a建设工程招投标与合同管理@Ajian she gong cheng zhao tou biao yu he tong guan li@f主编程敏, 江俊福@Fzhu bian cheng min , jiang jun fu |
| 210 | @a哈尔滨@c哈尔滨工程大学出版社@d2018.08 | |
| 215 | @a261页@d28cm | |
| 225 | 2 | @a普通高等学校土木建筑类“十三五”应用型规划教材@Apu tong gao deng xue xiao tu mu jian zhu lei “ shi san wu ” ying yong xing gui hua jiao cai |
| 320 | @a有书目 | |
| 330 | @a本书分为两部分内容, 即建设工程招投标与合同管理, 共13章, 涉及招投标及合同管理的基本法, 建设工程招投标概述, 建设工程招标、建设工程投标、建设工程开标、评标与定标, 建设工程合同概述, 建设工程勘察、设计合同管理, 建设工程监理合同管理等内容。 | |
| 410 | 0 | @12001 @a普通高等学校土木建筑类“十三五”应用型规划教材 |
| 586 | @a | |
| 606 | 0 | @a建筑工程@Ajian zhu gong cheng@x招标@x高等学校@j教材 |
| 606 | 0 | @a建筑工程@Ajian zhu gong cheng@x投标@x高等学校@j教材 |
| 606 | 0 | @a建筑工程@Ajian zhu gong cheng@x经济合同@x管理@x高等学校@j教材 |
| 690 | @aTU723@v5 | |
| 701 | 0 | @a程敏@Acheng min@4主编 |
| 701 | 0 | @a江俊福@Ajiang jun fu@4主编 |
| 801 | 0 | @aCN@c20181204 |
| 905 | @a河南城建学院图书馆@dTU723@eC755@f2 | |
| 建设工程招投标与合同管理/主编程敏, 江俊福.-哈尔滨:哈尔滨工程大学出版社,2018.08 |
| 261页;28cm.-(普通高等学校土木建筑类“十三五”应用型规划教材) |
| ISBN 978-7-5661-2078-6:CNY49.00 |
| 本书分为两部分内容, 即建设工程招投标与合同管理, 共13章, 涉及招投标及合同管理的基本法, 建设工程招投标概述, 建设工程招标、建设工程投标、建设工程开标、评标与定标, 建设工程合同概述, 建设工程勘察、设计合同管理, 建设工程监理合同管理等内容。 |
| ● |
| 相关链接 |
|
|
|
正题名:建设工程招投标与合同管理
索取号:TU723/C755
 
预约/预借
| 序号 | 登录号 | 条形码 | 馆藏地/架位号 | 状态 | 备注 |
| 1 | 1413655 | 214136558 | 建筑库201/201建筑库 29排4列1层/ [索取号:TU723/C755] | 在馆 | |
| 2 | 1413656 | 214136567 | 建筑库201/201建筑库 29排4列1层/ [索取号:TU723/C755] | 在馆 |